[Event "SRB-chT 1st League CS"]
[Site "Banja Vrujci"]
[Date "2022.10.05"]
[Round "6.6"]
[White "Stankovic, Boris"]
[Black "Stankovic, Dragan P"]
[Result "1-0"]
[WhiteElo "2172"]
[BlackElo "2249"]
[PlyCount "83"]
[EventDate "2022.10.01"]
[EventType "team-tourn"]
[EventRounds "11"]
[EventCountry "SRB"]
[SourceTitle "CBM 210 Extra"]
[Source "ChessBase"]
[SourceDate "2022.11.30"]
[SourceVersion "1"]
[SourceVersionDate "2022.11.30"]
[SourceQuality "1"]
[WhiteTeam "Kostolac Rudar"]
[BlackTeam "Valjevo 2005"]
[WhiteTeamCountry "SRB"]
[BlackTeamCountry "SRB"]

1. e4 c5 2. Nf3 e6 3. d4 cxd4 4. Nxd4 Nf6 5. Nc3 Nc6 6. Ndb5 d6 7. Bf4 e5 8. Bg5 a6 9. Na3 b5 10. Nd5 Be7 11. Bxf6 Bxf6 12. c4 Bb7 13. cxb5 Nd4 14. Nc3 axb5 15. Bxb5+ Ke7 16. 0-0 Ra5 17. Bd3 Rc5 18. Nc4 Qb8 19. Ne3 Rhc8 20. Qh5 Rxc3 21. bxc3 Rxc3 22. Bc4 Rxc4 23. Nxc4 Bxe4 24. Rfe1 d5 25. Rxe4 dxe4 26. Qxh7 Qb5 27. Ne3 g6 28. Qh3 Qb2 29. Rd1 Qxa2 30. Qc8 Bg5 31. Qb7+ Kf8 32. Qxe4 Bxe3 33. Qxe3 Qb2 34. Re1 f6 35. Qh6+ Kf7 36. Qh7+ Ke6 37. Qxg6 Ne2+ 38. Kh1 Nf4 39. Qg4+ Kf7 40. Qf3 Qc2 41. Ra1 Nd3 42. Ra7+ 1-0

[Event "SRB-chT 1st League CS"]
[Site "Banja Vrujci"]
[Date "2022.10.02"]
[Round "2.6"]
[White "Stankovic, Dragan P"]
[Black "Jakovljevic, Branislav"]
[Result "1-0"]
[WhiteElo "2249"]
[BlackElo "2030"]
[PlyCount "32"]
[EventDate "2022.10.01"]
[EventType "team-tourn"]
[EventRounds "11"]
[EventCountry "SRB"]
[SourceTitle "CBM 210 Extra"]
[Source "ChessBase"]
[SourceDate "2022.11.30"]
[SourceVersion "1"]
[SourceVersionDate "2022.11.30"]
[SourceQuality "1"]
[WhiteTeam "Valjevo 2005"]
[BlackTeam "Loznica Klupci 75"]
[WhiteTeamCountry "SRB"]
[BlackTeamCountry "SRB"]

1. c4 c6 2. b3 d5 3. Bb2 Bf5 4. d3 e6 5. Nf3 Nf6 6. Nbd2 Nbd7 7. g3 Bd6 8. Bg2 Qc7 9. 0-0 a5 10. cxd5 exd5 11. e4 dxe4 12. dxe4 Be6 13. Qe2 Ne5 14. Nh4 0-0-0 15. Rac1 Bb4 16. Rfd1 Qd7 1-0

[Event "SRB-chT 1st League CS"]
[Site "Bajina Basta"]
[Date "2021.10.01"]
[Round "9.5"]
[White "Livaja, Mario"]
[Black "Stankovic, Dragan P"]
[Result "1-0"]
[WhiteElo "2293"]
[BlackElo "2240"]
[PlyCount "89"]
[EventDate "2021.09.26"]
[EventType "team-tourn"]
[EventRounds "11"]
[EventCountry "SRB"]
[SourceTitle "EXT 2023"]
[Source "ChessBase"]
[SourceDate "2022.10.05"]
[SourceVersion "1"]
[SourceVersionDate "2022.10.05"]
[SourceQuality "1"]
[WhiteTeam "Nis Nais"]
[BlackTeam "Smederevska Palanka Jasenica"]
[WhiteTeamCountry "SRB"]
[BlackTeamCountry "SRB"]

1. d4 Nf6 2. Bg5 Ne4 3. h4 g6 4. Nc3 Nxg5 5. hxg5 Bg7 6. Qd2 d5 7. 0-0-0 Nc6 8. e3 h6 9. gxh6 Rxh6 10. Rxh6 Bxh6 11. Nf3 Bg4 12. Bb5 Bxf3 13. gxf3 Kf8 14. Rh1 Bg7 15. f4 Qd6 16. f5 gxf5 17. f4 Rd8 18. Bd3 Qf6 19. Qg2 e6 20. Rh5 Ne7 21. Na4 Ng6 22. c3 b6 23. b4 c6 24. Qb2 Ne7 25. Qa3 Qg6 26. Be2 Qg1+ 27. Kd2 Bf6 28. Nb2 Rd7 29. Nd3 Rc7 30. Qa6 Ng6 31. b5 Qa1 32. bxc6 Rxc6 33. Qa3+ Kg7 34. Bd1 Be7 35. Qb3 a5 36. Rh1 Nh4 37. Rf1 b5 38. Be2 Nf3+ 39. Rxf3 b4 40. Rf1 Qxc3+ 41. Qxc3 Rxc3 42. Rc1 Ra3 43. Rc2 a4 44. Rb2 b3 45. axb3 1-0

[Event "SRB-chT 1st League"]
[Site "Banja Vrujci"]
[Date "2017.09.17"]
[Round "3.5"]
[White "Stankovic, Dragan P"]
[Black "Zivkovic, Dejan"]
[Result "0-1"]
[WhiteElo "2205"]
[BlackElo "2302"]
[PlyCount "64"]
[EventDate "2017.09.16"]
[EventType "team"]
[EventRounds "11"]
[EventCountry "SRB"]
[SourceTitle "CBM 180 Extra"]
[Source "ChessBase"]
[SourceDate "2017.10.06"]
[SourceVersion "1"]
[SourceVersionDate "2017.10.06"]
[SourceQuality "1"]
[WhiteTeam "Smederevska Palanka Jasenica"]
[BlackTeam "Vladimirci"]
[WhiteTeamCountry "SRB"]
[BlackTeamCountry "SRB"]

1. d4 c5 2. Nf3 Nf6 3. g3 e6 4. Bg2 b5 5. 0-0 Bb7 6. e3 Be7 7. b3 Nc6 8. Bb2 Qb6 9. Nbd2 d5 10. c4 bxc4 11. dxc5 Qxc5 12. bxc4 0-0 13. Qa4 Qb4 14. Qxb4 Nxb4 15. Ne5 Ne4 16. Nb3 f6 17. cxd5 Bxd5 18. f3 Nc5 19. Ng4 Nxb3 20. axb3 h5 21. Nf2 Nc2 22. e4 Bxb3 23. Ra5 e5 24. Rc1 Bb4 25. Rb5 Rab8 26. Bf1 a5 27. Rxb8 Rxb8 28. Nd3 Bd2 29. Rd1 Be3+ 30. Kh1 a4 31. Nc1 Bf7 32. Bc3 Rb1 0-1

[Event "SRB-chT 1st League"]
[Site "Kragujevac"]
[Date "2016.09.13"]
[Round "5.4"]
[White "Stankovic, Dragan P"]
[Black "Arandjelovic, Aleksandar Z"]
[Result "1-0"]
[WhiteElo "2208"]
[BlackElo "2049"]
[PlyCount "102"]
[EventDate "2016.09.10"]
[EventType "team-tourn"]
[EventRounds "11"]
[EventCountry "SRB"]
[SourceTitle "CBM 174 Extra"]
[Source "ChessBase"]
[SourceDate "2016.10.10"]
[SourceVersion "1"]
[SourceVersionDate "2016.10.10"]
[SourceQuality "1"]
[WhiteTeam "Smederevska Palanka"]
[BlackTeam "Pirot Progres"]
[WhiteTeamCountry "SRB"]
[BlackTeamCountry "SRB"]

1. d4 c5 2. d5 e5 3. Nc3 d6 4. e4 Be7 5. Nf3 Bg4 6. Bb5+ Kf8 7. a4 Bxf3 8. Qxf3 Bg5 9. Bxg5 Qxg5 10. a5 a6 11. Be2 Nd7 12. g3 h5 13. h4 Qf6 14. Qe3 Ne7 15. Na4 Rb8 16. b4 cxb4 17. Rb1 g6 18. Rxb4 Kg7 19. 0-0 Rhc8 20. Rfb1 Nc5 21. Nxc5 Rxc5 22. Bxa6 Ra8 23. Bd3 Rcxa5 24. Rxb7 Ng8 25. Kg2 Nh6 26. Qg5 Rd8 27. Rc7 Rc5 28. Rxc5 dxc5 29. Qxf6+ Kxf6 30. Rb6+ Ke7 31. Rc6 Rd6 32. Rxc5 f5 33. Rc7+ Rd7 34. Rxd7+ Kxd7 35. exf5 gxf5 36. Be2 Kd6 37. c4 e4 38. Bxh5 Kc5 39. Be2 Kd6 40. f3 exf3+ 41. Bxf3 Nf7 42. Kf2 Kc5 43. Be2 Kd4 44. Kf3 Ke5 45. Ke3 Nd6 46. h5 Ne4 47. h6 Kf6 48. Kf4 Ng5 49. Bf1 Kg6 50. Bd3 Nf7 51. Bxf5+ Kxh6 1-0

[Event "SRB-chT 1st League"]
[Site "Kragujevac"]
[Date "2015.09.11"]
[Round "9.6"]
[White "Stankovic, Dragan P"]
[Black "Stojiljkovic, Stefan Z"]
[Result "1/2-1/2"]
[WhiteElo "2254"]
[BlackElo "2134"]
[PlyCount "62"]
[EventDate "2015.09.05"]
[EventType "team-tourn"]
[EventRounds "11"]
[EventCountry "SRB"]
[SourceTitle "EXT 2016"]
[Source "ChessBase"]
[SourceDate "2015.10.08"]
[SourceVersion "1"]
[SourceVersionDate "2015.10.08"]
[SourceQuality "1"]
[WhiteTeam "Smederevska Palanka"]
[BlackTeam "Leskovac Glubocica"]
[WhiteTeamCountry "SRB"]
[BlackTeamCountry "SRB"]

1. g3 d5 2. Nf3 c6 3. b3 Nf6 4. Bb2 g6 5. Bg2 Bg7 6. 0-0 0-0 7. d3 Ne8 8. Bxg7 Nxg7 9. Nbd2 Nd7 10. c4 e5 11. Qc2 d4 12. b4 Qe7 13. Rab1 a5 14. a3 Ne6 15. Rfe1 b6 16. e3 dxe3 17. Rxe3 axb4 18. axb4 Qd6 19. Qb2 f6 20. Ne4 Qe7 21. h4 Bb7 22. d4 f5 23. Neg5 e4 24. Nxe6 Qxe6 25. Nd2 Qf7 26. f3 exf3 27. Rxf3 Nf6 28. Re1 Rfe8 29. Rxe8+ Rxe8 30. Qc3 Qe7 31. Rf1 Ng4 1/2-1/2

[Event "SRB-chT 1st League"]
[Site "Kragujevac"]
[Date "2015.09.08"]
[Round "5.4"]
[White "Vizlina, Branisa"]
[Black "Stankovic, Dragan P"]
[Result "1-0"]
[WhiteElo "2045"]
[BlackElo "2254"]
[PlyCount "93"]
[EventDate "2015.09.05"]
[EventType "team-tourn"]
[EventRounds "11"]
[EventCountry "SRB"]
[SourceTitle "EXT 2016"]
[Source "ChessBase"]
[SourceDate "2015.10.08"]
[SourceVersion "1"]
[SourceVersionDate "2015.10.08"]
[SourceQuality "1"]
[WhiteTeam "Prijepolje Priko"]
[BlackTeam "Smederevska Palanka"]
[WhiteTeamCountry "SRB"]
[BlackTeamCountry "SRB"]

1. e4 c5 2. Nf3 e6 3. c3 Nf6 4. Qc2 Nc6 5. Be2 Be7 6. 0-0 0-0 7. a3 d5 8. e5 Nd7 9. d4 c4 10. Bf4 Na5 11. Nbd2 Nb6 12. b4 cxb3 13. Nxb3 Nbc4 14. Nxa5 Nxa5 15. Bd3 h6 16. Rfb1 Bd7 17. Qc1 f5 18. exf6 Rxf6 19. Be5 Rf8 20. Qe1 Rc8 21. a4 Qe8 22. Bg3 a6 23. Ne5 Bf6 24. Ng6 Rf7 25. Rb2 Rc6 26. Re2 Qc8 27. Re3 Rxc3 28. Ne5 Rxd3 29. Rxd3 Bxe5 30. Bxe5 Nc4 31. h3 b6 32. Rg3 Qe8 33. Qc1 Qf8 34. Ra2 Kh7 35. Qc2+ Kh8 36. Qg6 Nxe5 37. dxe5 Rf4 38. Rc2 Rc4 39. Rb2 b5 40. Rbb3 Qg8 41. axb5 axb5 42. Ra3 Be8 43. Qb1 Qh7 44. Qe1 Qc2 45. Ra8 Rc8 46. Qb4 Rxa8 47. Qf8+ 1-0

[Event "SRB-chT3 North CS"]
[Site "Sabac"]
[Date "2014.10.04"]
[Round "4.2"]
[White "Zivkovic, Sava"]
[Black "Stankovic, Dragan P"]
[Result "1/2-1/2"]
[WhiteElo "2313"]
[BlackElo "2263"]
[PlyCount "66"]
[EventDate "2014.10.02"]
[EventType "team-swiss"]
[EventRounds "6"]
[EventCountry "SRB"]
[SourceTitle "EXT 2021"]
[Source "ChessBase"]
[SourceDate "2020.10.23"]
[SourceVersion "1"]
[SourceVersionDate "2020.10.23"]
[SourceQuality "1"]

1. e4 c5 2. Nf3 e6 3. d4 cxd4 4. Nxd4 Nf6 5. Nc3 Nc6 6. Ndb5 d6 7. Bf4 e5 8. Bg5 a6 9. Na3 b5 10. Bxf6 gxf6 11. Nd5 f5 12. exf5 Bxf5 13. c3 Bg7 14. Nc2 Be6 15. Nce3 Ne7 16. g3 Nxd5 17. Nxd5 0-0 18. Bg2 a5 19. 0-0 Rb8 20. Qd2 f5 21. a4 Kh8 22. axb5 Rxb5 23. c4 Rc5 24. b3 e4 25. Nf4 Bf7 26. Rad1 Be5 27. f3 a4 28. fxe4 axb3 29. exf5 Rxc4 30. Ne6 Bxe6 31. fxe6 Rxf1+ 32. Rxf1 Bg7 33. Qd5 Rc3 1/2-1/2

[Event "SRB-chT2 West CS"]
[Site "Serbia"]
[Date "2012.09.14"]
[Round "1.2"]
[White "Stankovic, Dragan P"]
[Black "Jovic, Aleksandar"]
[Result "0-1"]
[WhiteElo "2266"]
[BlackElo "2368"]
[PlyCount "139"]
[EventDate "2012.09.14"]
[EventType "team"]
[EventRounds "10"]
[EventCountry "SRB"]
[SourceTitle "EXT 2015"]
[Source "ChessBase"]
[SourceDate "2014.11.20"]
[SourceVersion "1"]
[SourceVersionDate "2014.11.20"]
[SourceQuality "1"]

1. g3 e5 2. c4 Nc6 3. Bg2 d6 4. Nc3 Be6 5. d3 Qd7 6. Rb1 Nge7 7. Nd5 Rb8 8. e4 Nd4 9. Be3 c6 10. Bxd4 cxd5 11. Bxa7 Ra8 12. cxd5 Bxd5 13. exd5 Rxa7 14. a3 Qb5 15. Qc2 Ra8 16. Ne2 g6 17. Nc3 Qb6 18. 0-0 Nf5 19. Ne2 Bh6 20. Bh3 Ne7 21. Qc4 f5 22. Nc3 Kf7 23. Qh4 Bg7 24. Rfc1 Rhc8 25. Bg2 Rc5 26. Na4 Rxc1+ 27. Rxc1 Qa5 28. Nc3 Rc8 29. Qb4 Qxb4 30. axb4 Ke8 31. Ra1 Kd7 32. Ra7 Kc7 33. Ra3 Kb6 34. Kf1 Bh6 35. Ke2 Bc1 36. Kd1 Bg5 37. Kc2 h5 38. h4 Bf6 39. Kb3 g5 40. hxg5 Bxg5 41. Na4+ Kc7 42. b5 Bd2 43. Ra1 Rh8 44. b6+ Kd7 45. Nc3 Bg5 46. Ra7 Rb8 47. Ra4 Rh8 48. d4 exd4 49. Rxd4 h4 50. Rc4 Rc8 51. gxh4 Rxc4 52. Kxc4 Bxh4 53. f3 Bf2 54. Kb5 Bd4 55. Bh3 Kd8 56. Na4 Ke8 57. b4 Kd8 58. Kc4 Bf2 59. Kb5 Be3 60. Kc4 Kc8 61. Kb5 Kb8 62. Kc4 f4 63. Be6 Ng6 64. Kd3 Ne5+ 65. Ke4 Nc4 66. b5 Nd2+ 67. Kf5 Nxf3 68. Ke4 Nd2+ 69. Kd3 Nb3 70. Kc4 0-1

[Event "SRB-chT3 North"]
[Site "Kragujevac"]
[Date "2010.09.26"]
[Round "3"]
[White "Stankovic, Dragan P"]
[Black "Radovanovic, Nikola"]
[Result "0-1"]
[WhiteElo "2269"]
[BlackElo "2090"]
[PlyCount "63"]
[EventDate "2010.09.12"]
[EventType "team"]
[EventRounds "11"]
[EventCountry "SRB"]
[SourceTitle "EXT 2012"]
[Source "ChessBase"]
[SourceDate "2011.11.24"]
[SourceVersion "1"]
[SourceVersionDate "2011.11.24"]
[SourceQuality "1"]

1. d4 Nf6 2. c4 g6 3. Nc3 d5 4. Nf3 Bg7 5. Bg5 Ne4 6. cxd5 Nxg5 7. Nxg5 e6 8. Qd2 exd5 9. Qe3+ Kf8 10. Qf4 Bf6 11. Nf3 Kg7 12. h4 h5 13. g3 Bf5 14. Bg2 Re8 15. Ng5 c6 16. 0-0 Qb6 17. e4 dxe4 18. Ngxe4 Bxe4 19. Nxe4 Qxd4 20. Rfe1 Be5 21. Qf3 Na6 22. Rad1 Qc4 23. Rd7 Bxb2 24. Bf1 Qxa2 25. Re2 Rxe4 26. Rxe4 Nc5 27. Bc4 Qxc4 28. Rxc4 Nxd7 29. Qb3 Bf6 30. Qxb7 Rd8 31. Rxc6 Ne5 32. Rc7 0-1